Vista normal
Vista MARC
Entrada Materia (personas)
Número de registros utilizados en: 1
001 - CONTROL NUMBER
- control field: 78217
003 - CONTROL NUMBER IDENTIFIER
- control field: Co-BoUCM
005 - DATE AND TIME OF LATEST TRANSACTION
- control field: 20160718084500.0
008 - FIXED-LENGTH DATA ELEMENTS
- fixed length control field: 160718|| aca||aabn | a|a d
040 ## - CATALOGING SOURCE
- Original cataloging agency: Co-BoUCM
- Transcribing agency: Co-BoUCM
100 ## - HEADING--PERSONAL NAME
- Personal name: Llovera, José M.
- Dates associated with a name: 1874-1949
670 ## - SOURCE DATA FOUND
- Source citation: Work cat.: (Co-BoUCM): Llovera, José M. 1874-1949, Tratado elemental de Sociología Cristiana, 1916